Guía de las familias de plantas con flor
Gardado en:
| Autor Principal: | |
|---|---|
| Formato: | Libro |
| Idioma: | Lingua castelá |
| Publicado: |
Zaragoza
Acribia
2004
|
| Subjects: | |
| Tags: |
Engadir etiqueta
Sen Etiquetas, Sexa o primeiro en etiquetar este rexistro!
|
MARC
| LEADER | 00000nam a2200000 a 4500 | ||
|---|---|---|---|
| 001 | UCI5235 | ||
| 003 | CL-VaPUC | ||
| 008 | 080314e20040000SP |||||||||||||||||spa|d | ||
| 020 | |a 8420010367 | ||
| 082 | 0 | 4 | |a 635.9 |b ZOM |2 21 |
| 100 | 0 | |a Zomlefer, Wendy B |e author |9 527432 | |
| 245 | 1 | 0 | |a Guía de las familias de plantas con flor |
| 300 | |a 441 p | ||
| 942 | |c BK | ||
| 945 | |d 20080314 00:00:00 |a jtorresc | ||
| 260 | |a Zaragoza |b Acribia |c 2004 | ||
| 650 | 0 | |a Arbustos ornamentales |9 303481 | |
| 650 | 0 | |a Jardinería |9 310804 | |
| 650 | 0 | |a Plantas |9 264555 | |
| 650 | 0 | |a Flores |9 310803 | |
| 583 | |a last modification |c 20080314 00:00:00 |k Rodrigo Vera | ||
| 999 | |c 328998 |d 328996 | ||
| 952 | |0 0 |1 0 |4 0 |6 635_900000000000000_ZOM_2004 |7 0 |8 A |9 413238 |a BIBAGR |b BIBAGR |d 2019-11-22 |i 4415019 |o 635.9 ZOM 2004 |p 4415019 |r 2025-01-20 |w 2019-11-22 |y BK |k AGR | ||